Psychogene Erkrankungen bei Kindern und Jugendlichen : Eine Einführung in die allgemeine und spezielle Neurosenlehre /

Gorde:
Xehetasun bibliografikoak
Egile nagusia: Dührssen, Annemarie (autor)
Formatua: Liburua
Hizkuntza:German
Argitaratua: Gotinga, Alemania : Verlag für Medizinische Psychologie, 1962, c1962
Edizioa:4a edición
Gaiak:
Etiketak: Etiketa erantsi
Etiketarik gabe, Izan zaitez lehena erregistro honi etiketa jartzen!

MARC

LEADER 00000nam^a2200000^a^4500
001 000287151
005 20250521000000.0
009 20260310111830.602
037 |a Acervo ITESO - Biblioteca 
041 |a ALE 
082 |a 616. 8914  |b DUH 
100 |a Dührssen, Annemarie  |e (autor) 
245 1 0 |a Psychogene Erkrankungen bei Kindern und Jugendlichen :  |b Eine Einführung in die allgemeine und spezielle Neurosenlehre /  |c A. Dührssen. 
250 |a 4a edición 
264 4 |a Gotinga, Alemania :  |b Verlag für Medizinische Psychologie,  |c 1962, c1962 
300 |a 322 p. 
336 |a texto  |b txt  |2 rdacontenido 
337 |a sin mediación  |b n  |2 rdamedio 
338 |a volumen  |b nc  |2 rdasoporte 
649 |a XX 
650 |a Niños -  |x Condiciones Psicológicas 
650 |a Adolescentes -  |x Condiciones Psicológicas 
650 |a Psicopatología -  |x Tema Principal 
650 |a Psiquiatría -  |x Tema Principal 
650 |a Psicología Clínica 
650 |a Psicología 
910 |a Fondo Armando Suárez Gómez 
920 |a Impresos - Libros 
930 |a Fondos Especiales 
905 |a 111 
901 |a 0700002888  |b IT2  |c ESP  |i 000054  |u 20250521 
902 |a https://opac.biblio.iteso.mx/vufind/Record/000287151